MARC

Tag First Indicator Second Indicator Subfields
LEADER 00000cam a2200000 a 4500
001 in00000001485
007 he bmb024bbca
008 981006s1997 dcua bb f100 0 eng d
005 20230309222438.3
035 |a (OCoLC)40048658 
035 |9 AJB5455AM 
035 |a in00000001485 
037 |a (GPO)apn98-000464 
040 |d GPO  |d DLC  |d MvI  |d UtOrBLW 
043 |a n-us--- 
049 |a UDOC 
049 |a WWW 
074 |a 0254 (MF) 
074 |a 0254 (online) 
086 0 |a C 21.2:F 15/997 
090 |a KF2987.5  |b .U65 1997 
110 1 |a United States.  |b Information Infrastructure Task Force.  |b Working Group on Intellectual Property Rights. 
245 1 4 |a The Conference on Fair Use :  |b report to the Commissioner on the conclusion of first phase of the Conference on Fair Use /  |c Bruce A. Lehman. 
246 3 0 |a Report to the Commissioner on the first phase of the Conference on Fair Use 
246 1 |i Also known as:  |a CONFU report 
264 1 |a Washington, D.C. :  |b U.S. Patent and Trademark Office,  |c [1997] 
300 |a ii, 321 pages :  |b illustrations ;  |c 28 cm. 
336 |a text  |b txt  |2 rdacontent 
337 |a microform  |b h  |2 rdamedia 
338 |a microfiche  |b he  |2 rdacarrier 
500 |a Shipping list number: 98-1025-M. 
500 |a "September 1997." 
504 |a Includes bibliographical references. 
533 |a Microfiche.  |b [Washington, D.C.] :  |c Supt. of Docs., U.S. G.P.O.,  |d [1998]  |e 4 microfiches : negative. 
530 |a Also available via Internet from the home page of the Patent and Trademark Office. 
500 |a Microform. 
610 2 0 |a Conference on Fair Use. 
650 0 |a Fair use (Copyright)  |z United States  |x Congresses. 
650 0 |a Intellectual property  |z United States  |v Congresses. 
650 0 |a Copyright  |z United States  |x Congresses. 
650 0 |a Information superhighway  |z United States  |x Congresses. 
650 0 |a Information technology  |z United States  |x Congresses. 
776 1 |a United States. Information Infrastructure Task Force. Working Group on Intellectual Property Rights.  |t Conference on Fair Use (online) 
700 1 |a Lehman, Bruce A. 
710 1 |a United States.  |b Patent and Trademark Office. 
856 4 1 |u http://www.uspto.gov/web/offices/dcom/olia/confu/  |t 0 
856 4 1 |u https://purl.fdlp.gov/GPO/LPS2002  |t 0 
999 |a MARS 
999 f f |i 3bb93ffd-7c32-3fdb-9f56-44116d13258e  |s 1f241093-9728-3c0a-81ba-a0ca55212d73  |t 0 
952 f f |a Texas A&M University  |b College Station  |c Electronic Resources  |d Available Online  |t 0  |e C 21.2:F 15/997  |h Superintendent of Documents classification 
998 f f |a C 21.2:F 15/997  |t 0  |l Available Online